[Event "43. Olimpiada Batumi 2018 Femenina"]
[Site "Batumi GEO"]
[Date "2018.10.03"]
[Round "9.4"]
[White "Ratsma, Rosa"]
[Black "Caballero Quijano, Mitzy Mishell"]
[Result "1/2-1/2"]
[WhiteElo "2260"]
[BlackElo "2034"]
[PlyCount "60"]
[EventDate "2018.09.24"]
[EventType "team-swiss"]
[EventRounds "11"]
[EventCountry "GEO"]
[SourceTitle "Ajedrez en Madrid"]
[Source "lmi"]
[SourceDate "2018.09.24"]
[WhiteTeam "Netherlands"]
[BlackTeam "Peru"]
[WhiteTeamCountry "NED"]
[BlackTeamCountry "PER"]

1. e4 e6 2. Nf3 d5 3. Nc3 Nf6 4. e5 Nfd7 5. d4 c5 6. dxc5 Nc6 7. Bf4 Nxc5 8.
Be2 Be7 9. O-O a6 10. Nd4 Qb6 11. Rb1 O-O 12. Nxc6 bxc6 13. Bf3 a5 14. Bg3 Ba6
15. Re1 Rad8 16. Ne2 Na4 17. Qd2 Rd7 18. b3 Nc5 19. Qd4 Qb4 20. c3 Qxd4 21.
Nxd4 Rc8 22. Be2 Bxe2 23. Nxe2 Ne4 24. Bf4 Bc5 25. Rf1 g5 26. Bc1 f6 27. exf6
Rf7 28. Ng3 Nxc3 29. Rb2 h6 30. Rc2 Bd4 1/2-1/2

[Event "43. Olimpiada Batumi 2018 Femenina"]
[Site "Batumi GEO"]
[Date "2018.10.03"]
[Round "9.1"]
[White "Agrest, Inna"]
[Black "Badelka, Olga"]
[Result "0-1"]
[WhiteElo "2283"]
[BlackElo "2404"]
[PlyCount "68"]
[EventDate "2018.09.24"]
[EventType "team-swiss"]
[EventRounds "11"]
[EventCountry "GEO"]
[SourceTitle "Ajedrez en Madrid"]
[Source "lmi"]
[SourceDate "2018.09.24"]
[WhiteTeam "Sweden"]
[BlackTeam "Belarus"]
[WhiteTeamCountry "SWE"]
[BlackTeamCountry "BLR"]

1. e4 c5 2. Nf3 Nc6 3. d4 cxd4 4. Nxd4 e5 5. Nb5 d6 6. N1c3 a6 7. Na3 Be7 8.
Be3 Nf6 9. Nc4 b5 10. Nb6 Rb8 11. Nxc8 Qxc8 12. Be2 O-O 13. O-O Rd8 14. a3 Na5
15. a4 Nc4 16. Bxc4 bxc4 17. Bg5 Rxb2 18. Bxf6 Bxf6 19. Nd5 Re8 20. Ra3 Bd8 21.
Rg3 g6 22. Qe2 Ra2 23. Qd2 Rxa4 24. h4 c3 25. Rxc3 Qg4 26. Ne3 Qxe4 27. Qxd6
Bxh4 28. Rc7 Rd4 29. Qxa6 Bxf2+ 30. Rxf2 Qxe3 31. Rcxf7 Rd1+ 32. Kh2 Qh6+ 33.
Kg3 Qg5+ 34. Kh3 Rh1# 0-1

[Event "43. Olimpiada Batumi 2018 Femenina"]
[Site "Batumi GEO"]
[Date "2018.10.03"]
[Round "9.2"]
[White "Stetsko, Lanita"]
[Black "Bengtsson, Jessica"]
[Result "1-0"]
[WhiteElo "2188"]
[BlackElo "1986"]
[PlyCount "81"]
[EventDate "2018.09.24"]
[EventType "team-swiss"]
[EventRounds "11"]
[EventCountry "GEO"]
[SourceTitle "Ajedrez en Madrid"]
[Source "lmi"]
[SourceDate "2018.09.24"]
[WhiteTeam "Belarus"]
[BlackTeam "Sweden"]
[WhiteTeamCountry "BLR"]
[BlackTeamCountry "SWE"]

1. e4 e5 2. Nf3 Nc6 3. Bb5 Nf6 4. O-O Bc5 5. c3 O-O 6. d4 Bb6 7. Bxc6 dxc6 8.
Nxe5 Nxe4 9. Qf3 Ng5 10. Qg3 Ne4 11. Qf3 Ng5 12. Qh5 Ne4 13. a4 a5 14. Be3 Be6
15. Na3 f6 16. Nec4 Nd6 17. Nd2 Nf5 18. Rfe1 Qd7 19. Nac4 Nd6 20. Nxd6 cxd6 21.
d5 Bg4 22. Qh4 Bxe3 23. Rxe3 cxd5 24. Rae1 Rf7 25. h3 Bf5 26. Qd4 Qc6 27. c4
Bd7 28. b3 dxc4 29. Nxc4 d5 30. Nb6 Rd8 31. Nxd5 Kf8 32. Ne7 Qc7 33. Qh4 Qc2
34. R1e2 Qb1+ 35. Re1 Qc2 36. R1e2 Qb1+ 37. Kh2 Re8 38. Qd4 Rfxe7 39. Rxe7 Rxe7
40. Qd6 Qf5 41. Rxe7 1-0

[Event "43. Olimpiada Batumi 2018 Femenina"]
[Site "Batumi GEO"]
[Date "2018.10.03"]
[Round "9.3"]
[White "Blazekovic, Nina"]
[Black "Kusenkova, Natallia"]
[Result "1/2-1/2"]
[WhiteElo "1819"]
[BlackElo "2167"]
[PlyCount "83"]
[EventDate "2018.09.24"]
[EventType "team-swiss"]
[EventRounds "11"]
[EventCountry "GEO"]
[SourceTitle "Ajedrez en Madrid"]
[Source "lmi"]
[SourceDate "2018.09.24"]
[WhiteTeam "Sweden"]
[BlackTeam "Belarus"]
[WhiteTeamCountry "SWE"]
[BlackTeamCountry "BLR"]

1. c4 c5 2. Nf3 Nf6 3. g3 g6 4. Bg2 Bg7 5. O-O O-O 6. d4 d6 7. Nc3 Nc6 8. dxc5
dxc5 9. Bf4 Qa5 10. Ne5 Nd4 11. e3 Ne6 12. Nf3 Nxf4 13. exf4 Be6 14. Qe2 Qb4
15. Ne5 Rad8 16. Rfd1 a6 17. Rxd8 Rxd8 18. Rd1 Rd6 19. Bf1 Qb6 20. b3 Qc7 21.
Bg2 b6 22. Rd2 Rxd2 23. Qxd2 Nd7 24. Nc6 Kf8 25. Nd1 Qd6 26. Qxd6 exd6 27. Ne3
Nf6 28. a4 Ke8 29. Kf1 Bc8 30. Ke2 Bb7 31. b4 cxb4 32. Nxb4 Bxg2 33. Nxg2 Ne4
34. Nxa6 Nc3+ 35. Kd3 Nxa4 36. Ne3 Kd7 37. Nb4 Nc5+ 38. Ke2 Bd4 39. Nbd5 Kc6
40. Nb4+ Kd7 41. Nbd5 Kc6 42. Nb4+ 1/2-1/2

[Event "43. Olimpiada Batumi 2018 Femenina"]
[Site "Batumi GEO"]
[Date "2018.10.03"]
[Round "9.4"]
[White "Ilyuchyk, Yana"]
[Black "Zaritovskaja, Margarita"]
[Result "1-0"]
[WhiteElo "2114"]
[BlackElo "1731"]
[PlyCount "95"]
[EventDate "2018.09.24"]
[EventType "team-swiss"]
[EventRounds "11"]
[EventCountry "GEO"]
[SourceTitle "Ajedrez en Madrid"]
[Source "lmi"]
[SourceDate "2018.09.24"]
[WhiteTeam "Belarus"]
[BlackTeam "Sweden"]
[WhiteTeamCountry "BLR"]
[BlackTeamCountry "SWE"]

1. e4 c5 2. Nf3 d6 3. d4 cxd4 4. Nxd4 Nf6 5. Nc3 a6 6. g3 e6 7. Bg2 Be7 8. O-O
O-O 9. Be3 Qc7 10. f4 Nc6 11. Nb3 Rb8 12. g4 Re8 13. g5 Nd7 14. Rf3 b5 15. Rh3
g6 16. Qg4 b4 17. Ne2 Nf8 18. Rf1 d5 19. e5 d4 20. Nexd4 Nxd4 21. Bxd4 Bb7 22.
c3 Bxg2 23. Qxg2 Qb7 24. Qxb7 Rxb7 25. Nd2 bxc3 26. Bxc3 Nd7 27. Ne4 Rb6 28.
Rd1 Nc5 29. Nd6 Reb8 30. b3 a5 31. Bxa5 Ra6 32. b4 Na4 33. a3 Nb6 34. Bxb6
Raxb6 35. Rc3 Kf8 36. Rc7 Bxd6 37. Rxd6 R6b7 38. Rxb7 Rxb7 39. Rd4 Ra7 40. Rd3
Ke7 41. Kf2 Rc7 42. Ke3 Rc4 43. b5 Ra4 44. b6 Ra8 45. Rb3 Kd7 46. a4 Kc6 47. b7
Rb8 48. Kd4 1-0

[Event "43. Olimpiada Batumi 2018 Femenina"]
[Site "Batumi GEO"]
[Date "2018.10.03"]
[Round "9.1"]
[White "Atalik, Ekaterina"]
[Black "Geldiyeva, Mahri"]
[Result "1-0"]
[WhiteElo "2447"]
[BlackElo "2139"]
[PlyCount "71"]
[EventDate "2018.09.24"]
[EventType "team-swiss"]
[EventRounds "11"]
[EventCountry "GEO"]
[SourceTitle "Ajedrez en Madrid"]
[Source "lmi"]
[SourceDate "2018.09.24"]
[WhiteTeam "Turkey"]
[BlackTeam "Turkmenistan"]
[WhiteTeamCountry "TUR"]
[BlackTeamCountry "TKM"]

1. d4 d5 2. c4 dxc4 3. e4 Nf6 4. e5 Nd5 5. Bxc4 Nb6 6. Bd3 Nc6 7. Ne2 Be6 8.
Nbc3 g6 9. O-O Bg7 10. Be3 Nb4 11. Be4 N4d5 12. Qc1 c6 13. Bh6 O-O 14. Ng3 f5
15. Bf3 Rc8 16. Rd1 Qe8 17. Bxg7 Kxg7 18. h4 Qf7 19. h5 a5 20. hxg6 hxg6 21.
Qg5 Rh8 22. Rac1 Kf8 23. b3 Ke8 24. Kf1 Kd7 25. Ke2 a4 26. Qd2 axb3 27. axb3
Nxc3+ 28. Rxc3 Ra8 29. Qb2 Ra7 30. Ra1 Rxa1 31. Qxa1 Bxb3 32. Bxc6+ Kd8 33. Bb5
Bd5 34. Qa7 Qe6 35. Qb8+ Nc8 36. Qc7# 1-0

[Event "43. Olimpiada Batumi 2018 Femenina"]
[Site "Batumi GEO"]
[Date "2018.10.03"]
[Round "9.2"]
[White "Hallaeva, Bahar"]
[Black "Ozturk, Kubra"]
[Result "1-0"]
[WhiteElo "2098"]
[BlackElo "2345"]
[PlyCount "143"]
[EventDate "2018.09.24"]
[EventType "team-swiss"]
[EventRounds "11"]
[EventCountry "GEO"]
[SourceTitle "Ajedrez en Madrid"]
[Source "lmi"]
[SourceDate "2018.09.24"]
[WhiteTeam "Turkmenistan"]
[BlackTeam "Turkey"]
[WhiteTeamCountry "TKM"]
[BlackTeamCountry "TUR"]

1. e4 e5 2. Nf3 Nc6 3. Bc4 Bc5 4. d3 Nf6 5. c3 O-O 6. Bb3 d5 7. Nbd2 Be6 8. O-O
a6 9. Re1 Re8 10. h3 h6 11. Nf1 d4 12. Bxe6 Rxe6 13. c4 b5 14. cxb5 axb5 15.
Bd2 Nd7 16. Qc2 Bf8 17. Rec1 b4 18. Be1 Nc5 19. Qe2 Qd7 20. N1d2 Ree8 21. Nc4
f5 22. Nfd2 Ra6 23. exf5 Qxf5 24. Ne4 Ne6 25. Bd2 Rea8 26. Ng3 Nf4 27. Bxf4
Qxf4 28. Nd2 Bd6 29. Nge4 Ne7 30. Qd1 Qf7 31. Nc4 Nd5 32. Qg4 Kh7 33. Rd1 Qg6
34. Qxg6+ Kxg6 35. Rd2 Kf5 36. b3 Nc3 37. Nxc3 bxc3 38. Re2 Rc6 39. f3 Rxc4 40.
bxc4 Ra5 41. a4 Be7 42. g3 h5 43. f4 Bd6 44. fxe5 Bxe5 45. Kg2 g5 46. Rf1+ Kg6
47. Kf3 Bd6 48. Ra2 Re5 49. Re2 Ra5 50. Ra2 Re5 51. Re2 Ra5 52. Ra1 Kf6 53. g4
hxg4+ 54. hxg4 Bf4 55. Raa2 Bd2 56. Re4 Bc1 57. Ke2 Bb2 58. Kd1 c5 59. Kc2 Kf7
60. Re5 Kf6 61. Rf5+ Kg6 62. Rf8 Kg7 63. Rf5 Kg6 64. Rxb2 cxb2 65. Kxb2 Rxa4
66. Rxc5 Rb4+ 67. Kc2 Ra4 68. Rd5 Ra2+ 69. Kb3 Rd2 70. Rxd4 Kf6 71. Kc3 Rd1 72.
Re4 1-0

[Event "43. Olimpiada Batumi 2018 Femenina"]
[Site "Batumi GEO"]
[Date "2018.10.03"]
[Round "9.3"]
[White "Yildiz Kadioglu, Betul Cemre"]
[Black "Ovezdurdiyeva, Jemal"]
[Result "0-1"]
[WhiteElo "2287"]
[BlackElo "2075"]
[PlyCount "122"]
[EventDate "2018.09.24"]
[EventType "team-swiss"]
[EventRounds "11"]
[EventCountry "GEO"]
[SourceTitle "Ajedrez en Madrid"]
[Source "lmi"]
[SourceDate "2018.09.24"]
[WhiteTeam "Turkey"]
[BlackTeam "Turkmenistan"]
[WhiteTeamCountry "TUR"]
[BlackTeamCountry "TKM"]

1. d4 Nf6 2. c4 g6 3. Nc3 Bg7 4. e4 d6 5. Be2 O-O 6. Nf3 c5 7. O-O Bg4 8. Be3
Bxf3 9. Bxf3 cxd4 10. Bxd4 Nc6 11. Be3 Rc8 12. Be2 Qa5 13. a3 Qe5 14. f3 Nd7
15. Rc1 f5 16. f4 Qa5 17. e5 Rcd8 18. exd6 exd6 19. Bf3 Nf6 20. Nd5 Rfe8 21.
Nxf6+ Bxf6 22. Qd5+ Qxd5 23. Bxd5+ Kf8 24. Kf2 Re7 25. Bxc6 bxc6 26. Rc2 a5 27.
b4 axb4 28. axb4 Rde8 29. Re1 Bd4 30. Rce2 Bc3 31. Rb1 d5 32. cxd5 cxd5 33. Bc5
Bd4+ 34. Bxd4 Rxe2+ 35. Kf3 Rd2 36. Be5 d4 37. b5 Rc8 38. Rb3 Rc3+ 39. Rxc3
dxc3 40. Ke3 Rb2 41. Bxc3 Rxb5 42. Kf2 Kf7 43. h3 Ke6 44. Bg7 Rb3 45. Kg1 h5
46. Kh2 Kd5 47. Bf8 Rd3 48. Bg7 Ke4 49. Bh6 Ke3 50. Kg3 Rd2 51. Bf8 h4+ 52.
Kxh4 Rxg2 53. Bd6 Kf3 54. Bc7 Rg3 55. Ba5 Kg2 56. Bc7 Rxh3+ 57. Kg5 Rg3+ 58.
Kf6 Rg4 59. Ke5 Kf3 60. Kf6 Rxf4 61. Kxg6 Kg4 0-1

[Event "43. Olimpiada Batumi 2018 Femenina"]
[Site "Batumi GEO"]
[Date "2018.10.03"]
[Round "9.4"]
[White "Shohradowa, Lala"]
[Black "Okuyaz, Duru"]
[Result "1/2-1/2"]
[WhiteElo "1950"]
[BlackElo "2108"]
[PlyCount "103"]
[EventDate "2018.09.24"]
[EventType "team-swiss"]
[EventRounds "11"]
[EventCountry "GEO"]
[SourceTitle "Ajedrez en Madrid"]
[Source "lmi"]
[SourceDate "2018.09.24"]
[WhiteTeam "Turkmenistan"]
[BlackTeam "Turkey"]
[WhiteTeamCountry "TKM"]
[BlackTeamCountry "TUR"]

1. d4 d5 2. Bf4 c5 3. e3 cxd4 4. exd4 Nc6 5. c3 Bf5 6. Bd3 Bxd3 7. Qxd3 e6 8.
Nf3 Bd6 9. Bg3 Nge7 10. Nbd2 Nf5 11. Bxd6 Nxd6 12. O-O O-O 13. Ne5 Rc8 14. f4
f5 15. Rae1 Ne4 16. Ndf3 Qa5 17. a3 Rc7 18. Nxc6 Rxc6 19. Ne5 Rc7 20. Re2 b5
21. g4 Qb6 22. gxf5 exf5 23. Qc2 Qd6 24. Qb3 Rb8 25. Qb4 Qb6 26. Qb3 Qb7 27.
Rg2 a5 28. Nd3 Qc6 29. Ne5 Qd6 30. Nd3 Rb6 31. Qd1 Qf6 32. Qh5 Rb8 33. Kh1 Rbc8
34. Rf3 g6 35. Ne5 Rg7 36. Qh6 b4 37. axb4 axb4 38. Rc2 Qa6 39. Qh3 g5 40. Qxf5
Rf8 41. Qh3 Rxf4 42. Rg2 Rxf3 43. Qxf3 bxc3 44. bxc3 Qa1+ 45. Rg1 Qxc3 46. Qf5
h6 47. Rb1 Qc7 48. Qe6+ Kh7 49. Qf5+ Kg8 50. Qe6+ Kh7 51. Qf5+ Kg8 52. Qe6+
1/2-1/2

[Event "43. Olimpiada Batumi 2018 Femenina"]
[Site "Batumi GEO"]
[Date "2018.10.03"]
[Round "9.1"]
[White "Aseel, Odeh"]
[Black "Golubenko, Valentina"]
[Result "0-1"]
[WhiteElo "1647"]
[BlackElo "2254"]
[PlyCount "114"]
[EventDate "2018.09.24"]
[EventType "team-swiss"]
[EventRounds "11"]
[EventCountry "GEO"]
[SourceTitle "Ajedrez en Madrid"]
[Source "lmi"]
[SourceDate "2018.09.24"]
[WhiteTeam "Jordan"]
[BlackTeam "Croatia"]
[WhiteTeamCountry "JOR"]
[BlackTeamCountry "CRO"]

1. d4 d5 2. Nf3 Nf6 3. c3 e6 4. Bg5 c5 5. e3 Nbd7 6. Nbd2 Be7 7. Bd3 O-O 8. Rc1
b6 9. Bb1 Bb7 10. Qc2 Ne4 11. Bxe7 Qxe7 12. O-O f5 13. Ne5 cxd4 14. exd4 Nxe5
15. dxe5 Qc7 16. Nf3 Ba6 17. Rfe1 Rae8 18. Qa4 Bb7 19. Qd4 Qe7 20. c4 dxc4 21.
Rxc4 Rd8 22. Qe3 Bd5 23. Rcc1 f4 24. Qd3 Bb7 25. Qc2 Rc8 26. Qd3 Rxc1 27. Rxc1
Rd8 28. Qc2 g6 29. Qe2 Nc5 30. h3 Ba6 31. Qc2 Bd3 32. Qc3 Bxb1 33. Rxb1 Qf7 34.
Rc1 Kg7 35. Qc4 h6 36. Nd4 Rd5 37. Nf3 Nd3 38. Rc2 g5 39. Rd2 Qd7 40. Rc2 Rc5
41. Qb3 Nc1 42. Rxc1 Rxc1+ 43. Kh2 Qd1 44. Qxd1 Rxd1 45. b3 Kg6 46. g3 Kf5 47.
g4+ Ke4 48. Kg2 Rd3 49. Ne1 f3+ 50. Kg3 Rc3 51. h4 gxh4+ 52. Kxh4 Rc1 53. Kh5
Rxe1 54. Kxh6 Kf4 55. g5 Rh1+ 56. Kg7 Kxg5 57. Kf7 Kf5 0-1

[Event "43. Olimpiada Batumi 2018 Femenina"]
[Site "Batumi GEO"]
[Date "2018.10.03"]
[Round "9.2"]
[White "Medic, Mirjana"]
[Black "Raya, Alnaimat"]
[Result "1-0"]
[WhiteElo "2167"]
[BlackElo "1676"]
[PlyCount "93"]
[EventDate "2018.09.24"]
[EventType "team-swiss"]
[EventRounds "11"]
[EventCountry "GEO"]
[SourceTitle "Ajedrez en Madrid"]
[Source "lmi"]
[SourceDate "2018.09.24"]
[WhiteTeam "Croatia"]
[BlackTeam "Jordan"]
[WhiteTeamCountry "CRO"]
[BlackTeamCountry "JOR"]

1. d4 Nf6 2. Nf3 d5 3. e3 e6 4. Bd3 Be7 5. b3 Nbd7 6. Bb2 O-O 7. O-O Ne4 8. c4
Ndf6 9. Ne5 Nd7 10. Qc2 Nxe5 11. dxe5 f5 12. exf6 Nxf6 13. Nd2 g6 14. Nf3 Rf7
15. Ne5 Rg7 16. Qc3 Qf8 17. h3 Bb4 18. Qc2 Ba3 19. Bd4 Bc5 20. Rae1 Bxd4 21.
exd4 Bd7 22. Nxd7 Rxd7 23. Rxe6 dxc4 24. Bxc4 Kh8 25. Qc3 Rad8 26. d5 Rd6 27.
Rfe1 Kg8 28. Re7 b5 29. Bxb5 Nxd5 30. Bc4 c6 31. Rxa7 R8d7 32. Rxd7 Rxd7 33.
Qe5 Rd6 34. a4 Qd8 35. Rd1 Kf7 36. Rd3 Re6 37. Bxd5 cxd5 38. Qxd5 Qc7 39. Re3
Qc1+ 40. Kh2 Qc7+ 41. g3 Qb6 42. Qxe6+ Qxe6 43. Rxe6 Kxe6 44. f4 Kd5 45. a5 Kc6
46. g4 Kb5 47. b4 1-0

[Event "43. Olimpiada Batumi 2018 Femenina"]
[Site "Batumi GEO"]
[Date "2018.10.03"]
[Round "9.3"]
[White "Razan, Alshaeby"]
[Black "Ivekovic, Tihana"]
[Result "0-1"]
[WhiteElo "1712"]
[BlackElo "2114"]
[PlyCount "74"]
[EventDate "2018.09.24"]
[EventType "team-swiss"]
[EventRounds "11"]
[EventCountry "GEO"]
[SourceTitle "Ajedrez en Madrid"]
[Source "lmi"]
[SourceDate "2018.09.24"]
[WhiteTeam "Jordan"]
[BlackTeam "Croatia"]
[WhiteTeamCountry "JOR"]
[BlackTeamCountry "CRO"]

1. e4 c5 2. c3 Nf6 3. e5 Nd5 4. Nf3 d6 5. d4 cxd4 6. cxd4 Nc6 7. Nc3 dxe5 8.
dxe5 Nxc3 9. Qxd8+ Nxd8 10. bxc3 Bd7 11. Ba3 g6 12. Nd4 Bg7 13. f4 Nc6 14. Rb1
b6 15. Bb5 Rc8 16. Ba6 Nxd4 17. cxd4 Rc2 18. O-O Rxa2 19. Ra1 Rd2 20. Rfd1
Rxd1+ 21. Rxd1 Bh6 22. d5 Bxf4 23. e6 fxe6 24. dxe6 Bc6 25. Bc1 O-O 26. Bb2 Bd6
27. Rxd6 exd6 28. Ba3 b5 29. Bxd6 Re8 30. Bc5 Rxe6 31. Bc8 Re8 32. Bg4 a5 33.
Kf2 b4 34. Bd1 Bd5 35. Bb6 Rb8 36. Bd4 b3 37. Bb2 a4 0-1

[Event "43. Olimpiada Batumi 2018 Femenina"]
[Site "Batumi GEO"]
[Date "2018.10.03"]
[Round "9.4"]
[White "Cvitan, Ena"]
[Black "Alattar, Ghayda M"]
[Result "1-0"]
[WhiteElo "2009"]
[BlackElo "1926"]
[PlyCount "99"]
[EventDate "2018.09.24"]
[EventType "team-swiss"]
[EventRounds "11"]
[EventCountry "GEO"]
[SourceTitle "Ajedrez en Madrid"]
[Source "lmi"]
[SourceDate "2018.09.24"]
[WhiteTeam "Croatia"]
[BlackTeam "Jordan"]
[WhiteTeamCountry "CRO"]
[BlackTeamCountry "JOR"]

1. d4 Nf6 2. c4 g6 3. Nc3 Bg7 4. e4 d6 5. h3 O-O 6. Be3 a5 7. Nge2 e5 8. d5 Na6
9. g4 Qe8 10. Ng3 Nd7 11. Qd2 Ndc5 12. Be2 Bd7 13. h4 f6 14. h5 Kf7 15. h6 Bh8
16. Rb1 Qc8 17. f3 Rg8 18. Bf2 f5 19. g5 Qd8 20. Rg1 Qe7 21. b3 Nb8 22. Nf1 Ke8
23. Qc2 Rf8 24. Nd2 Qf7 25. Be3 Bc8 26. a3 b6 27. b4 axb4 28. axb4 Nb7 29. Qb2
Qe7 30. Ra1 Rxa1+ 31. Qxa1 Qd8 32. Qa8 Nd7 33. Nb5 Kf7 34. Nb3 Kg8 35. Kd2 Re8
36. Na7 Rf8 37. Nc6 Qe8 38. Ra1 Qf7 39. Ra7 Re8 40. Rxb7 Bxb7 41. Qxb7 Nf8 42.
Na1 Qd7 43. c5 dxc5 44. bxc5 bxc5 45. Kc2 fxe4 46. fxe4 Qh3 47. Qb3 Qg2 48. Qc4
Qh3 49. d6+ Re6 50. dxc7 1-0

[Event "43. Olimpiada Batumi 2018 Femenina"]
[Site "Batumi GEO"]
[Date "2018.10.03"]
[Round "9.1"]
[White "Castrillon Gomez, Melissa"]
[Black "Kalaiyalahan, Akshaya"]
[Result "1-0"]
[WhiteElo "2248"]
[BlackElo "2253"]
[PlyCount "89"]
[EventDate "2018.09.24"]
[EventType "team-swiss"]
[EventRounds "11"]
[EventCountry "GEO"]
[SourceTitle "Ajedrez en Madrid"]
[Source "lmi"]
[SourceDate "2018.09.24"]
[WhiteTeam "Colombia"]
[BlackTeam "England"]
[WhiteTeamCountry "COL"]
[BlackTeamCountry "ENG"]

1. d4 Nf6 2. c4 g6 3. Nc3 Bg7 4. e4 d6 5. h3 O-O 6. Nf3 Na6 7. Bg5 c5 8. d5 e6
9. Bd3 exd5 10. cxd5 Nb4 11. Be2 Qa5 12. O-O b5 13. Nd2 Bd7 14. a3 Na6 15. a4
bxa4 16. Nc4 Qc7 17. e5 dxe5 18. d6 Qc8 19. Bxf6 Bxf6 20. Nd5 Qd8 21. Na5 Bg5
22. Nb7 Qc8 23. Bxa6 Qc6 24. Nc7 Rab8 25. Bb5 Qxb7 26. Bxd7 Bd8 27. Qd5 Bxc7
28. Qxb7 Rxb7 29. dxc7 Rxc7 30. Bxa4 Rb8 31. b3 Kf8 32. Rac1 Ke7 33. Rc4 a6 34.
Rfc1 Kd6 35. Kf1 f5 36. Ke2 a5 37. R4c3 Rb4 38. Rd1+ Ke6 39. Rd8 c4 40. Rd1 g5
41. Rdc1 Kd5 42. bxc4+ Kd4 43. Rd3+ Ke4 44. Bc2 Rbxc4 45. Rd2+ 1-0

[Event "43. Olimpiada Batumi 2018 Femenina"]
[Site "Batumi GEO"]
[Date "2018.10.03"]
[Round "9.2"]
[White "Ciuksyte, Dagne"]
[Black "Franco Valencia, Beatriz Irene"]
[Result "1-0"]
[WhiteElo "2308"]
[BlackElo "2191"]
[PlyCount "59"]
[EventDate "2018.09.24"]
[EventType "team-swiss"]
[EventRounds "11"]
[EventCountry "GEO"]
[SourceTitle "Ajedrez en Madrid"]
[Source "lmi"]
[SourceDate "2018.09.24"]
[WhiteTeam "England"]
[BlackTeam "Colombia"]
[WhiteTeamCountry "ENG"]
[BlackTeamCountry "COL"]

1. e4 c6 2. d4 g6 3. Nc3 Bg7 4. Nf3 d6 5. h3 Nf6 6. Be3 Qc7 7. a4 a5 8. Bc4 O-O
9. O-O Nxe4 10. Nxe4 d5 11. Bd3 dxe4 12. Bxe4 Nd7 13. Re1 Nf6 14. Bd3 Nd5 15.
Bg5 Re8 16. Qd2 b6 17. Re2 Ba6 18. Rae1 Bxd3 19. Qxd3 h6 20. Bd2 e6 21. Ne5 c5
22. dxc5 Qxc5 23. c4 Nb4 24. Qf3 Qc7 25. Bc3 Red8 26. Ng4 Bxc3 27. bxc3 Nd3 28.
Rd1 h5 29. Nf6+ Kg7 30. Rxd3 1-0

[Event "43. Olimpiada Batumi 2018 Femenina"]
[Site "Batumi GEO"]
[Date "2018.10.03"]
[Round "9.3"]
[White "Rodriguez Rueda, Paula Andrea"]
[Black "Head, Louise"]
[Result "1-0"]
[WhiteElo "2298"]
[BlackElo "2161"]
[PlyCount "91"]
[EventDate "2018.09.24"]
[EventType "team-swiss"]
[EventRounds "11"]
[EventCountry "GEO"]
[SourceTitle "Ajedrez en Madrid"]
[Source "lmi"]
[SourceDate "2018.09.24"]
[WhiteTeam "Colombia"]
[BlackTeam "England"]
[WhiteTeamCountry "COL"]
[BlackTeamCountry "ENG"]

1. d4 d5 2. c4 dxc4 3. Nf3 Nf6 4. e3 e6 5. Bxc4 a6 6. a4 c5 7. O-O Nc6 8. Qe2
cxd4 9. Rd1 Be7 10. exd4 O-O 11. Nc3 Nb4 12. Bg5 Nfd5 13. Nxd5 Nxd5 14. Bxd5
Bxg5 15. Be4 Bf6 16. Ra3 Rb8 17. Ne5 g6 18. Rg3 Qd6 19. Bc2 b5 20. a5 Bb7 21.
Rdd3 Rbc8 22. h4 Rxc2 23. Qxc2 Be4 24. Qc3 Bxd3 25. Rxd3 Bxh4 26. Qc5 Be7 27.
Rc3 Ra8 28. Qb6 Qd5 29. Rf3 f6 30. Nc6 Qd7 31. Nxe7+ Qxe7 32. Re3 Kf7 33. d5 e5
34. d6 Qd7 35. Rc3 Ke6 36. Rc7 Qd8 37. Qb7 Rb8 38. Qxa6 Kf5 39. Qc6 Ra8 40. b4
Qf8 41. d7 Rd8 42. Rc8 Qxb4 43. Rxd8 Qe1+ 44. Kh2 Qd2 45. Rc8 Qxf2 46. Qf3+ 1-0

[Event "43. Olimpiada Batumi 2018 Femenina"]
[Site "Batumi GEO"]
[Date "2018.10.03"]
[Round "9.4"]
[White "Maroroa, Sue"]
[Black "Franco Valencia, Angela"]
[Result "0-1"]
[WhiteElo "2112"]
[BlackElo "2188"]
[PlyCount "64"]
[EventDate "2018.09.24"]
[EventType "team-swiss"]
[EventRounds "11"]
[EventCountry "GEO"]
[SourceTitle "Ajedrez en Madrid"]
[Source "lmi"]
[SourceDate "2018.09.24"]
[WhiteTeam "England"]
[BlackTeam "Colombia"]
[WhiteTeamCountry "ENG"]
[BlackTeamCountry "COL"]

1. e4 e5 2. Nf3 Nc6 3. d4 exd4 4. Nxd4 Nf6 5. Nxc6 bxc6 6. Qe2 Qe7 7. Nc3 a5 8.
Bg5 h6 9. Bf4 Qb4 10. Rb1 Ba6 11. Qf3 Bxf1 12. Kxf1 O-O-O 13. a3 Qc4+ 14. Kg1
Bc5 15. b3 Bxf2+ 16. Kxf2 Qxc3 17. Qe2 Kb7 18. b4 a4 19. b5 c5 20. Rhd1 d5 21.
b6 cxb6 22. Rxb6+ Kxb6 23. Rb1+ Ka7 24. exd5 Qd4+ 25. Kg3 Nxd5 26. Qb5 Qxf4+
27. Kh3 Qf5+ 28. Kg3 Qg5+ 29. Kf2 Qf6+ 30. Kg1 Nb6 31. Rf1 Qd4+ 32. Kh1 f6 0-1

[Event "43. Olimpiada Batumi 2018 Femenina"]
[Site "Batumi GEO"]
[Date "2018.10.03"]
[Round "9.1"]
[White "Paehtz, Elisabeth"]
[Black "Dolzhikova, Olga"]
[Result "0-1"]
[WhiteElo "2513"]
[BlackElo "2184"]
[PlyCount "130"]
[EventDate "2018.09.24"]
[EventType "team-swiss"]
[EventRounds "11"]
[EventCountry "GEO"]
[SourceTitle "Ajedrez en Madrid"]
[Source "lmi"]
[SourceDate "2018.09.24"]
[WhiteTeam "Germany"]
[BlackTeam "Norway"]
[WhiteTeamCountry "GER"]
[BlackTeamCountry "NOR"]

1. d4 e6 2. e4 d5 3. Nc3 dxe4 4. Nxe4 Bd7 5. Nf3 Bc6 6. Bd3 Nd7 7. c3 Ngf6 8.
Ng3 Bxf3 9. Qxf3 c6 10. Bf4 Be7 11. O-O O-O 12. Rad1 Re8 13. Rfe1 Nf8 14. Bc1
Qd5 15. Qxd5 cxd5 16. Nf1 g6 17. Ne3 N8d7 18. b3 Nb6 19. Bb2 Rac8 20. Rb1 Rc7
21. Ba1 Ne4 22. Bxe4 dxe4 23. Nc2 f5 24. f3 exf3 25. Rxe6 Kf7 26. Re3 fxg2 27.
Rf3 Bh4 28. Ne3 Bg5 29. Nxg2 Re2 30. Rf2 Be3 31. Nxe3 Rxe3 32. c4 Rce7 33. Kf1
Nd7 34. d5 Rd3 35. Re1 Nc5 36. Rxe7+ Kxe7 37. Ke2 Rh3 38. Be5 Nd3 39. Bg3 Nxf2
40. Kxf2 g5 41. Kg2 Rh6 42. Bb8 Ra6 43. a4 Rb6 44. Bxa7 Rxb3 45. a5 Kd6 46.
Bb8+ Kc5 47. d6 Rd3 48. Bc7 Kxc4 49. Kf2 Kc5 50. Bd8 h6 51. h4 g4 52. Be7 Rxd6
53. Kg3 Kd5 54. Bxd6 Kxd6 55. h5 Kc5 56. Kf4 Kb5 57. Kxf5 g3 58. Kg6 g2 59.
Kxh6 g1=Q 60. Kh7 Kxa5 61. h6 Qg5 62. Kh8 Qxh6+ 63. Kg8 Qg6+ 64. Kf8 Qh7 65.
Ke8 Kb6 0-1

[Event "43. Olimpiada Batumi 2018 Femenina"]
[Site "Batumi GEO"]
[Date "2018.10.03"]
[Round "9.2"]
[White "Sahl, Sheila Barth"]
[Black "Osmanodja, Filiz"]
[Result "1/2-1/2"]
[WhiteElo "2136"]
[BlackElo "2348"]
[PlyCount "89"]
[EventDate "2018.09.24"]
[EventType "team-swiss"]
[EventRounds "11"]
[EventCountry "GEO"]
[SourceTitle "Ajedrez en Madrid"]
[Source "lmi"]
[SourceDate "2018.09.24"]
[WhiteTeam "Norway"]
[BlackTeam "Germany"]
[WhiteTeamCountry "NOR"]
[BlackTeamCountry "GER"]

1. c4 e6 2. g3 d5 3. Bg2 dxc4 4. Nf3 Nd7 5. Na3 Bxa3 6. bxa3 Nb6 7. Bb2 f6 8.
a4 a5 9. Nd4 e5 10. Nb5 c6 11. Nc3 Ne7 12. O-O O-O 13. Ba3 f5 14. Rb1 Rf7 15.
Qc2 Be6 16. Qb2 Nec8 17. Bc5 Ra6 18. Rfd1 Nd7 19. Ba3 Rb6 20. Qc2 Rxb1 21. Rxb1
Ndb6 22. Rb2 Nd5 23. e4 Nxc3 24. Qxc3 Qd4 25. Qxa5 Rd7 26. h3 fxe4 27. Qa8 Rf7
28. Rxb7 Qxf2+ 29. Kh2 Rf3 30. Rc7 Rxa3 31. Rxc8+ Bxc8 32. Qxc8+ Qf8 33. Qxc6
c3 34. dxc3 e3 35. Qe4 Rxc3 36. a5 Ra3 37. a6 Qc5 38. Qb7 Kf8 39. Bd5 Qc2+ 40.
Kh1 Qd1+ 41. Kh2 Qd2+ 42. Kh1 Qe1+ 43. Kh2 Qf2+ 44. Kh1 Qf1+ 45. Kh2 1/2-1/2